000 00607nam a2200181Ia 4500
008 151018s9999 xx 000 0 und d
082 _bRBASDV5624
_a891.463
100 _aमंगेश पाडगांवकर
245 _aवात्रटिका
250 _b2
260 _bपॉप्युलर प्रकाशन मुंबई
_c1964
300 _a140
600 _aमंगेश पाडगांवकर
630 _aवात्रटिका
700 _aमंगेश पाडगांवकर
730 _aवात्रटिका
942 _cBOOK
999 _c1008006
_d1008003